| 000 | 00556nam a2200205Ia 4500 | ||
|---|---|---|---|
| 005 | 20221118131138.0 | ||
| 008 | 131103s9999 xx 000 0 und d | ||
| 020 | _cRs.24 | ||
| 040 | _aLoreto College | ||
| 041 | _aEnglish | ||
| 082 |
_a954.03 _bMOL |
||
| 100 | _aMolesworth,G.N. | ||
| 245 |
_aCurfew on Olympus _b the last days of British rule in India _cG.N.Molesworth |
||
| 260 |
_aBombay _bAsia Publishing House _c1965 |
||
| 300 | _avii,296 p. | ||
| 504 | _aIncludes index | ||
| 650 | _aIndian Modern History | ||
| 850 | _aLCLIB | ||
| 942 | _cBK | ||
| 999 |
_c9845 _d60324 |
||